00878nam a2200217 a 450000100060000000300080000600500170001400800410003103500190007204000350009104100080012608200260013410000240016024502050018426000690038930000380045850200750049650400320057165000220060370000350062583771BD-RjUL20240519102114.0240519s1996 bg a|||| m||| 00| 0 eng d a(BD-RjUL)83771 aBD-RjULbengcBD-RjULdBD-RjUL aeng 223a595.388bDUO 1996 aDutta, Swapan Kumar10aOccurrence and Production Ptential of Freshwater Prawn, Macrobrachium Malcolmsonii H. Milne Edw. From the River Padma and Adjacent Water Raeas /cBy Swapan Kumar Dutta ;6Supervisor : M. Altaf Hossain aRajshahi :bDepartment of Zoology, University of Rajshahi,c1996 axvi, 200 Leaves :bill, ;c29 cm. aThesis (Ph. D.) -- Department of Zoology, University of Rajshahi, 1996 aReferences : Leaves 166-184 aFreshwatervPrawn aHossain, M. Altaf, Supervisor